| 000 | | | 05633nmc2a22000003x 450 |
| 001 | | | f0dd5736-82eb-40eb-91f5-00c64e635fde |
| 005 | | | 20190530153627.0 |
| 100 | ## | $a | 20161212l18091810k l0rusy0189 ca |
| 101 | 0# | $a | rus |
| 102 | ## | $a | RU |
| 200 | 1# | $a | Дело о вычете из жалованья по претензиям разных лиц |
| | $j | сентябрь 1809 г. - 31 сентября 1810 г. |
| 251 | ## | $c | Дело |
| 300 | ## | $a | Дело |
| 300 | ## | $a | Ориг. заголовок дела: Дело о вычете по претензиям жалованья актрисы Лашассен и прочих. сентябрь 1809 г. - 31 сентября 1810 г |
| 801 | #0 | $a | RU |
| | $b | РГИА |
| | $c | 20161212 |
| | $g | RCR |
| 801 | #1 | $a | RU |
| | $b | ГлавНИВЦ |
| | $c | 20161212 |
| | $2 | rusmarc |
| 801 | #2 | $a | RU |
| | $b | ПБ им. Б.Н. Ельцина |
| | $c | 20180928 |
| | $g | RCR |
| | $2 | rusmarc |
| 850 | ## | $a | РГИА |
| 852 | ## | $a | РГИА |
| | $e | Федеральное казенное учреждение "Российский государственный исторический архив" (РГИА) |
| | $j | 185 |
| 937 | ## | $h | РГИА |
| | $d | 12234004 |
| | $a | ASBIBLIO_SCAN |
| 462 | #0 | $1 | 001dd3991dc-24e1-42ec-8838-ca4255420416 |
| | $1 | 2001 |
| | $a | 1746-1850 гг. |
| | $1 | 251 |
| | $c | Опись |
| | $1 | 852 |
| | $j | 1 |
| 461 | #0 | $1 | 0019264ebf8-de62-4f1a-9eb4-9f22098dbbd5 |
| | $1 | 2001 |
| | $a | Дирекция императорских театров МИДв |
| | $1 | 251 |
| | $c | Фонд |
| | $1 | 852 |
| | $j | 497 |
| 215 | ## | $a | 11 л. |
| | $d | 36,5х26 см |
| 371 | ## | $a | Документ не является опубликованным и широко распространяемым |
| 517 | 1# | $a | Дело о вычете по претензиям жалованья актрисы Лашассен и прочих. сентябрь 1809 г. - 31 сентября 1810 г |
| 105 | ## | $a | y### |
| 122 | 2# | $a | d |
| 035 | ## | $a | f0dd5736-82eb-40eb-91f5-00c64e635fde |
| 856 | ## | $u | http://readingroom.main.prlib.ru/item.aspx?id_node=n118725438&mode=full |
| 601 | 01 | $2 | prlib_sh |
| | $3 | LIBNET\UAF\0000080151 |
| | $a | Россия |
| | $b | Дирекция императорских театров |
| | $x | Деятельность |
| | $j | Документы и материалы |
| 606 | 1# | $2 | nlr_sh1 |
| | $3 | RU\NLR\AUTH\661073460 |
| | $a | Театральные работники |
| | $x | Оплата труда |
| | $j | Документы и материалы |
| 606 | 1# | $a | Долги |
| | $x | Взыскания |
| | $j | Документы и материалы |
| | $2 | nlr_sh |
| | $3 | RU\NLR\AUTH\66186655 |
| 605 | ## | $2 | acquisition_Prlib |
| | $3 | LIBNET\UAF\0000080478 |
| | $a | Год театра в России |
| | $l | коллекция |
| 605 | ## | $2 | acquisition_Prlib |
| | $3 | DITM\AF\0000004166 |
| | $a | Россия в лицах |
| | $l | коллекция |
| 686 | ## | $2 | rubbk |
| | $a | 85.33(2) |
| | $v | LBC/M |
| 686 | ## | $a | 63.3(2)521.1-7 |
| | $v | LBC/M |
| | $2 | rubbk |